Применение время-частотных средств и методов измерений в народном хозяйстве: всесоюзная научно-техническая конференция, 7-9 июня 1983 г.; тезисы докладов

Bibliografiske detaljer
Institution som forfatter: Всесоюзный научно-исследовательский институт физико-технических и радиотехнических измерений (ВНИИФТРИ)
Andre forfattere: Ильин В. Г. (редактор), Пушкин С. Б.
Sprog:russisk
Udgivet: Москва, Изд-во ВНИИФТРИ, 1983
Fag:
Format: MixedMaterials Bog
KOHA link:https://koha.lib.tpu.ru/cgi-bin/koha/opac-detail.pl?biblionumber=304299

MARC

LEADER 00000nam0a2200000 4500
001 304299
005 20231102001704.0
035 |a (RuTPU)RU\TPU\book\329534 
090 |a 304299 
100 |a 20150912d1983 km y0rusy50 ca 
101 0 |a rus 
102 |a RU 
105 |a y z 101zy 
200 1 |a Применение время-частотных средств и методов измерений в народном хозяйстве  |e всесоюзная научно-техническая конференция, 7-9 июня 1983 г.   |e тезисы докладов  |f Всесоюзный научно-исследовательский институт физико-технических и радиотехнических измерений (ВНИИФТРИ) ; под ред. В. Г. Ильина, С. Б. Пушкина 
210 |a Москва  |c Изд-во ВНИИФТРИ  |d 1983 
215 |a 297 с.  |c ил. 
320 |a Библиография в конце докладов 
606 1 |a Служба времени и частоты  |2 stltpush  |3 (RuTPU)RU\TPU\subj\55225  |9 73284 
610 1 |a время 
610 1 |a частота 
610 1 |a измерения 
610 1 |a средства измерений 
610 1 |a методы 
610 1 |a применение 
610 1 |a народное хозяйство 
610 1 |a средства связи 
610 1 |a средства связи 
610 1 |a стандарты 
610 1 |a тезисы 
610 1 |a конференции 
675 |a 529.7(063)  |v 4 
702 1 |a Ильин  |b В. Г.  |4 340 
702 1 |a Пушкин  |b С. Б.  |4 340 
710 1 2 |a Применение время-частотных средств и методов измерений в народном хозяйстве  |c конференция  |e Москва  |f 1983 
712 0 2 |a Всесоюзный научно-исследовательский институт физико-технических и радиотехнических измерений (ВНИИФТРИ)  |c (п. Менделеево, Московская область)  |2 stltpush  |3 (RuTPU)RU\TPU\col\12883 
801 1 |a RU  |b 63413507  |c 20150912 
801 2 |a RU  |b 63413507  |c 20180621  |g RCR 
942 |c BK